000 00610nam a2200217 a 4500
999 _c1034
_d1034
003 PK-NaQUE
005 20250616171637.0
008 250616b ||||| |||| 00| 0 eng d
020 _a007108617X (paperback)
020 _a9780071086172 (paperback)
040 _cQUEST
082 _a621.31042CHA
100 1 _aChapman.
245 1 0 _aElectric Machinery Fundamentals
250 _a5th ed.
260 _aNew Delhi
_bMcgraw Hill Higher Education,
_c2012.
300 _aXXIV,680
650 _aElectrical Machines
856 4 0 _uhttp://10.10.170.122:8080/browse/book/1822
_yDownload eBook
942 _cBK
_2ddc